[Event "Amager-ch"]
[Site "Amager"]
[Date "2011.10.11"]
[Round "6"]
[White "Henriksen, Peter"]
[Black "Holmberg, Thomas"]
[Result "1-0"]
[WhiteElo "1459"]
[BlackElo "1121"]
[PlyCount "49"]
[EventDate "2011.08.30"]
[EventType "swiss"]
[EventRounds "7"]
[EventCountry "DEN"]
[SourceTitle "EXT 2023"]
[Source "ChessBase"]
[SourceDate "2022.10.05"]
[SourceVersion "1"]
[SourceVersionDate "2022.10.05"]
[SourceQuality "1"]

1. d4 d5 2. c4 dxc4 3. Nc3 e6 4. e4 Bb4 5. Bxc4 b6 6. Nge2 Bb7 7. 0-0 Nf6 8. Bg5 h6 9. Bxf6 gxf6 10. Qa4+ Nc6 11. d5 Qd6 12. Rad1 0-0-0 13. dxc6 Bxc6 14. Bb5 Bxb5 15. Nxb5 Qc6 16. Nxa7+ Kb7 17. Nxc6 Rxd1 18. Rxd1 Bc5 19. Rd8 Rxd8 20. Nxd8+ Kb8 21. Nd4 Bxd4 22. Qxd4 e5 23. Qa4 h5 24. Qa6 h4 25. Qb7# 1-0

[Event "Amager-ch"]
[Site "Amager"]
[Date "2011.10.04"]
[Round "5"]
[White "Holmberg, Thomas"]
[Black "Mollmann, Erik"]
[Result "0-1"]
[WhiteElo "1121"]
[BlackElo "1601"]
[PlyCount "78"]
[EventDate "2011.08.30"]
[EventType "swiss"]
[EventRounds "7"]
[EventCountry "DEN"]
[SourceTitle "EXT 2023"]
[Source "ChessBase"]
[SourceDate "2022.10.05"]
[SourceVersion "1"]
[SourceVersionDate "2022.10.05"]
[SourceQuality "1"]

1. d4 d5 2. Bg5 Bf5 3. e3 Qd6 4. Bd3 Bg6 5. Nc3 c6 6. e4 dxe4 7. Bxe4 Nf6 8. Bd3 h6 9. Bh4 Nbd7 10. a3 e6 11. Bg3 Qe7 12. Nge2 Nh5 13. 0-0 Nxg3 14. fxg3 Nf6 15. Nf4 Bh7 16. Re1 Qd7 17. Ne4 Nxe4 18. Bxe4 Bxe4 19. Rxe4 Be7 20. Qd3 0-0 21. Re5 Bf6 22. Re4 Rfd8 23. Ne2 Qc7 24. Rf1 Be7 25. Re5 Bd6 26. Rh5 Qe7 27. Nf4 c5 28. d5 e5 29. Nh3 f6 30. Qg6 Kh8 31. Rff5 Rd7 32. Nf2 Qf7 33. Qg4 Qxd5 34. h3 Bc7 35. h4 Kh7 36. Nh3 Qd1+ 37. Qxd1 Rxd1+ 38. Kh2 Rdd8 39. Nf2 g6 0-1

[Event "Amager Spring B"]
[Site "Amager"]
[Date "2011.05.31"]
[Round "4"]
[White "Holmberg, Thomas"]
[Black "Nielsen, Bjorn1111"]
[Result "1-0"]
[WhiteElo "1200"]
[BlackElo "1156"]
[PlyCount "79"]
[EventDate "2011.05.10"]
[EventType "tourn"]
[EventRounds "5"]
[EventCountry "DEN"]
[SourceTitle "EXT 2023"]
[Source "ChessBase"]
[SourceDate "2022.10.05"]
[SourceVersion "1"]
[SourceVersionDate "2022.10.05"]
[SourceQuality "1"]

1. e4 e5 2. Nf3 Nc6 3. Bb5 Nf6 4. Nc3 Bc5 5. 0-0 0-0 6. h3 a6 7. Bc4 d6 8. d3 Qe8 9. Bg5 Nh5 10. Nh4 g6 11. Bh6 Ng7 12. Nd5 Bb6 13. Nf6+ Kh8 14. Nxe8 Rxe8 15. Bxf7 Re7 16. Qf3 Be6 17. Bxe6 Rxe6 18. Qf7 Re7 19. Qf3 Rae8 20. Bg5 Re6 21. Bh6 Nh5 22. g4 Nf4 23. Ng2 Nd4 24. Qd1 Nxh3+ 25. Kh2 Nf4 26. c3 Nde2 27. Re1 g5 28. Bxg5 Rg6 29. Bxf4 Nxf4 30. Nxf4 exf4 31. Qf3 Rh6+ 32. Kg2 Rf8 33. Rh1 Rg6 34. Rh5 c6 35. Rah1 Rf7 36. Qh3 Rgg7 37. g5 f3+ 38. Kf1 Re7 39. g6 Kg8 40. Qc8+ 1-0